10 of the most populated religions - Statistics

General Stats
  • This quiz has been taken 24 times
  • The average score is 6 of 10
Answer Stats
Amount of people Answer % Correct
2.4-2.5 billion Christianity
100%
1.9-2 billion Islam
100%
1.1-1.2 billion Hinduism
90%
500-506 million Buddhism
85%
14 million Judaism
70%
104 million Shinto
55%
25-30 million Sikhism
45%
12 million Taoism
30%
400-450 million Chinese Folk Religion
5%
4-5 million Cao Dai
0%
No matching quizzes found
Score Distribution
Percent of People with Each Score
Percentile by Number Answered
Your Score History
You have not taken this quiz